000 00503nam a2200169Ia 4500
003 IN-BaIIA
008 211028s9999 xx 000 0 eng d
020 _a0-521-81306-9
040 _cIIA Library
080 _a523
_bLAN
100 _aLang, Kenneth R
_98562
245 4 _aThe cambridge guide to the solar system
_cKenneth R. Lang
260 _aCambridge
_bCambridge University Press
_c2003
300 _axv, 452p.
650 _aSolar system
942 _cBK
999 _c15500
_d15500